Southville International School and Colleges
Your cart is empty.
  • Cart
  • Lists
    Public lists Eva Luna New books Lux_list list_1
    Your lists Log in to create your own lists
  • Log in to your account
  • Your cookies
  • Search history
Southville International School and Colleges
  • Advanced search
  • Recent comments
  • Most popular
  • Libraries

Log in to your account

Log in with GOOGLE


If you do not have an external account, but do have a local account, you can still log in:

  1. Home
  2. MARC view: Stocks with extreme past returns: Lotteries or insurance?
Normal view MARC view ISBD view

Stocks with extreme past returns: Lotteries or insurance? (Record no. 361380)

[ view plain ]
MARC details
000 -LEADER
fixed length control field 00465nam a2200181Ia 4500
008 - FIXED-LENGTH DATA ELEMENTS--GENERAL INFORMATION
fixed length control field 190406s9999 xx 000 0 und d
100 ## - MAIN ENTRY--PERSONAL NAME
Personal name Alexander Barinov
245 ## - TITLE STATEMENT
Title Stocks with extreme past returns: Lotteries or insurance?
245 ## - TITLE STATEMENT
Statement of responsibility, etc Alexander Barinov
260 ## - PUBLICATION, DISTRIBUTION, ETC. (IMPRINT)
Name of publisher, distributor, etc CL
260 ## - PUBLICATION, DISTRIBUTION, ETC. (IMPRINT)
Name of publisher, distributor, etc elsevier
260 ## - PUBLICATION, DISTRIBUTION, ETC. (IMPRINT)
Date of publication, distribution, etc 2018
300 ## - PHYSICAL DESCRIPTION
Extent CL
500 ## - GENERAL NOTE
General note Journal of Financial Economics
650 ## - SUBJECT ADDED ENTRY--TOPICAL TERM
General subdivision Extreme returns
650 ## - SUBJECT ADDED ENTRY--TOPICAL TERM
General subdivision Skewness
942 ## - ADDED ENTRY ELEMENTS (KOHA)
Source of classification or shelving scheme Library of Congress Classification
Item type Periodicals
Holdings
Withdrawn status Lost status Source of classification or shelving scheme Damaged status Home library Current library Shelving location Date acquired Total Checkouts Date last seen Price effective from Koha item type
    Library of Congress Classification   College Library College Library Periodical Section 04/16/2019   04/16/2019 04/16/2019 Periodicals

Stocks with extreme past returns: Lotteries or insurance?

APA

Alexander Barinov, .Stocks with extreme past returns: Lotteries or insurance?. : CL.

Chicago

Alexander Barinov, .Stocks with extreme past returns: Lotteries or insurance?. : CL.

Harvard

Alexander Barinov, .Stocks with extreme past returns: Lotteries or insurance?. : CL.

MLA

Alexander Barinov, .: CL. .

  • Place hold
  • Print
  • Cite
  • Add to your cart (remove)
  • Save record
    BIBTEX Dublin Core MARCXML MARC (non-Unicode/MARC-8) MARC (Unicode/UTF-8) MARC (Unicode/UTF-8, Standard) MODS (XML) RIS
  • More searches
    Search for this title in:
    Other Libraries (WorldCat) Other Databases (Google Scholar) Online Stores (Bookfinder.com) Open Library (openlibrary.org)

Exporting to Dublin Core...

SOUTHVILLE LIBRARY

Southville International School and Colleges Library

1281 Tropical Ave. Cor. Luxembourg St., BF Homes International, Las Pinas City

Tel. No. 8256374 / 252358 Loc. 117/146

Powered by Koha